000 00844nam a2200205 i 4500
001 178976
003 ES-MaACL
005 20251108161446.0
008 110817s1904 fr |||| | fre d
245 0 3 _aLa paix et l'enseignement pacifiste
_b: leçons professées à l'Ecole des Hautes Études Sociales /
_cpar D'Estournelles de Constantn, Fréderic Passy, H. Lafontaine... [et al.].
260 _aParis :
_bFélix Alcan,
_c1904.
300 _aVIII, 277 p. ;
_c22 cm.
490 1 _aBibliothèque générale des sciences sociales ;
_v23
650 0 4 _aPaz.
_915898
700 0 _aEstournelles de Constant, Paul Henri Benjamin Balluet,
_cBarón d'
_948187
700 0 _aPassy, Frédéric.
_989461
830 0 0 _aBibliothèque générale des sciences sociales
_v23
_9187778
852 _aES-MaACL
_jC-23103
999 _c178976
_d178976